| 000 | 00555nam a22001937a 4500 | ||
|---|---|---|---|
| 005 | 20251010091431.0 | ||
| 020 |
_a9788190678544 _cTZS 23,860.244 /= |
||
| 040 |
_aMCCL _beng _eAACR 2nd rev.ed. |
||
| 082 | _a658.87 BAR | ||
| 100 | _aBarik, K. N. | ||
| 245 |
_a Retail management : _bprinciples and practices _c/ K. N. Barik |
||
| 260 |
_aNew Delhi : _bManglam Pub., _cc2009. |
||
| 300 |
_a264 p. : _c23 cm. |
||
| 504 | _aIncludes bibliographical references and indexes | ||
| 546 | _aeng | ||
| 650 | _aManagement | ||
| 700 | _a K. N. Barik | ||
| 942 | _cBK | ||
| 999 |
_c12436 _d12436 |
||